000 00793nmc a2200301 a 4500
003 AR-BaBNM
005 20251128204919.0
008 011101s1993 ||||||||||||||000 | spa||
020 _a84-277-0903-X
040 _cAR-BaBNM
100 1 _aAgüera Espejo-Saavedra, Isabel
245 1 0 _aCurso de creatividad y lenguaje
250 _a2ª ed.
260 _aMadrid
_bNarcea
_c1993
300 _a255 p.
_bil., diagr.
490 0 _aEducación hoy
650 4 _aCUENTO [FORMA Y GENERO LITERARIO]
650 4 _aENSENANZA DE LA ESCRITURA
650 4 _aPOESIA
650 4 _aDESARROLLO DE LA CREATIVIDAD
650 4 _aTECNICAS DIDACTICAS
650 4 _aJUEGOS EDUCATIVOS
650 4 _aDIARIOS
651 4 _aEspaña
653 _aENSENANZA DE LA LENGUA
942 _cBK
998 _csilvi
999 _c9312
_d9312